000 00502nam a22001937a 4500
003 LK-CoDNM
005 20250103125812.0
008 250102b |||||||| |||| 00| 0 eng d
040 _aLK-CoDNM
_dLK-CoDNM
_eLK-CoDNM
041 _aeng
080 _a4
_bB3a
100 _aDavid Seth-Smith, F.Z.S.
245 _aThe avicultural magazine
_bVol.12 & No.9
260 _c1934
_aHertford
_bStephen Austin & sons Ltd
300 _b26p. : ill ; 24 cm
650 _aScience
650 _a1934
942 _cBK
999 _c234799
_d234799